| 000 | 01831cab a2200241 4500 | ||
|---|---|---|---|
| 001 | ABS68416 | ||
| 008 | 041118n2004 000 0 eng u | ||
| 035 | _a(Sirsi) u128036 | ||
| 100 | _aFoster, L. | ||
| 245 | _aProgressive access: unique solutions for historic buildings | ||
| 260 | _c2004 | ||
| 490 |
_aJournal of Architectural Conservation _v3(10) November 2004, 73-86(14) |
||
| 520 | _aDiscusses the range and types of solutions which can be used to comply with the Disability Discrimination Act 1995 in respect of historic buildings. Reflects on the inherent opportunities and limitations of each building or site and illustrates that there is no single statutory right answer. Concludes the flexibility needed is reflected in the newly revised Building Regulations Approved Document M, which provides for access statements to be submitted in the planning context. This will enable building owners to explain their preferred approach to disabled access and why it may vary from the standard guidance. The access planning process is outlined in the revised English Heritage guidance note "Easy access to historic buildings", published in July 2004. View report at www.english-heritage.org.uk. (Taken from article abstract). | ||
| 590 | _aABS | ||
| 650 | _aHISTORIC BUILDINGS | ||
| 650 | _aMANAGEMENT-BUSINESS MANAGEMENT-DISCRIMINATION-DISABILITY DISCRIMINATION-ACCESSIBILITY | ||
| 650 | _aDISABILITY DISCRIMINATION ACT 1995 | ||
| 650 | _aBUILDING REGULATIONS 2000 APPROVED DOCUMENT M (2004 EDITION) | ||
| 650 | _aACCESS PLANNING | ||
| 690 | _aBUILT ENVIRONMENT-BUILDING MAINTENANCE AND REFURBISHMENT-BUILDING CONSERVATION | ||
| 856 |
_uhttps://www.english-heritage.org.uk/content/publications/docs/eheasyaccess2004.pdf _zView "Easy access to historic buildings" on the English Heritage website... |
||
| 942 | _n0 | ||
| 999 |
_c74606 _d74606 |
||